000 00660nam a2200241Ia 4500
003 OSt
005 20220918174520.0
006 a|||||r|||| 00| 0
007 ta
008 220917b |||||||| |||| 00| 0 eng d
024 _a12,650
037 _cTextual
040 _aARTS
_cARTS
_beng
041 _2eng
_aeng
082 _a/\4:36g, M1
100 _aKhantipald Bhikkhu
_950807
245 0 _aCalm and insight
_b A buddhist manual for mediatators
260 _aLondon
_bCurzon Press
_c1981
300 _aviii,152p.
_ccm.
650 _aSPIRITUALISM
942 _h/\4:36g, M1
_cTEXL
_2CC
999 _c153512
_d153512